Представление документа в формате MARC21

Поле Инд. ПП Название Значение
Тип записи a
Библиографический уровень m
001 Контрольный номер 778fc14e511445719f5ce04b4bab4dc0
005 Дата корректировки 20230926154819.7
040 b Код языка каталог. rus
041 0_ a Код языка текста rus
080 a Индекс УДК 004.42
084 a Индекс другой классификации/Индекс ББК 32.973.3
090 a Полочн. индекс 681.3
x Авторский знак Ш90
097 b Оператор 11
100 1_ a Автор Штернберг Л. Ф.
245 10 a Заглавие Разработка и отладка программ
260 a Место издания Москва
b Издательство Радио и связь
c Дата издания 1984
300 a Объем 88 с.
510 0_ a Примечание о ссылках Книги и методические пособия
650 04 a Основная рубрика 50.41 Программное обеспечение вычислительных машин, комплексов и сетей
x Основная подрубрика 50.41.17 Системное программное обеспечение
653 0_ a Ключевые слова программы (выч. техника); вычислительные сети
901 t Тип документа m